[Event "Aragon-ch Seniors 50+"]
[Site "Zaragoza"]
[Date "2019.05.04"]
[Round "3"]
[White "Gines Abad, Pedro"]
[Black "Rueda Pellicena, Fernando"]
[Result "1-0"]
[WhiteElo "1958"]
[BlackElo "1517"]
[PlyCount "73"]
[EventDate "2019.04.27"]
[EventType "swiss"]
[EventRounds "8"]
[EventCountry "ESP"]
[SourceTitle "EXT 2020"]
[Source "ChessBase"]
[SourceDate "2019.10.17"]
[SourceVersion "1"]
[SourceVersionDate "2019.10.17"]
[SourceQuality "1"]

1. d4 Nf6 2. Nf3 g6 3. c4 Bg7 4. Nc3 d6 5. e4 0-0 6. Be3 e5 7. dxe5 dxe5 8. Qxd8 Rxd8 9. Nd5 Nxd5 10. cxd5 c6 11. Bc4 cxd5 12. Bxd5 h6 13. Rc1 Nc6 14. Bxc6 bxc6 15. Rxc6 Bb7 16. Rc4 Rd7 17. Nd2 Rad8 18. Ra4 f5 19. Rxa7 f4 20. Bb6 Bc6 21. Bxd8 Rxa7 22. a3 Kf7 23. f3 Ke6 24. Kd1 Bf8 25. Kc2 Bc5 26. Nc4 Bb5 27. Nb6 Rb7 28. Nd5 Ba4+ 29. Kb1 Bb3 30. Rc1 Bd4 31. Rc7 Rxc7 32. Bxc7 Bxd5 33. exd5+ Kxd5 34. Kc2 h5 35. b3 g5 36. Kd3 g4 37. a4 1-0

[Event "Zaragoza Tejero Laman op 9th"]
[Site "Zaragoza"]
[Date "2017.09.17"]
[Round "5"]
[White "Glavina, Pablo"]
[Black "Gines Abad, Pedro"]
[Result "1-0"]
[WhiteElo "2397"]
[BlackElo "2018"]
[PlyCount "91"]
[EventDate "2017.09.17"]
[EventType "swiss (rapid)"]
[EventRounds "9"]
[EventCountry "ESP"]
[SourceTitle "CBM 180 Extra"]
[Source "ChessBase"]
[SourceDate "2017.10.06"]
[SourceVersion "1"]
[SourceVersionDate "2017.10.06"]
[SourceQuality "1"]

1. c4 e5 2. Nc3 Bb4 3. Qc2 Bxc3 4. Qxc3 d6 5. Nf3 Nf6 6. d4 exd4 7. Nxd4 0-0 8. Bg5 Nc6 9. Nxc6 bxc6 10. Bxf6 Qxf6 11. Qxf6 gxf6 12. g3 Rb8 13. 0-0-0 c5 14. Kc2 Be6 15. Kc3 Rb4 16. e3 Rfb8 17. Rd2 a5 18. Bd3 c6 19. Rb1 d5 20. cxd5 cxd5 21. b3 a4 22. Rdb2 axb3 23. axb3 Ra8 24. Kd2 Rab8 25. Kc3 Ra8 26. f4 Ra3 27. f5 Bd7 28. Kd2 Kg7 29. h4 Kh6 30. Kc3 Kg7 31. Bc2 Rb8 32. Kd2 Rb4 33. Kc3 Rb8 34. g4 Rb4 35. Rg1 Ba4 36. Rbb1 Rb8 37. Kb2 Raxb3+ 38. Bxb3 Rxb3+ 39. Kc2 Rxe3+ 40. Kd2 d4 41. Rbc1 Re5 42. Rge1 Rxe1 43. Kxe1 Bd7 44. Rxc5 h5 45. Kf2 hxg4 46. Kg3 1-0

[Event "Zaragoza Tejero Laman op 9th"]
[Site "Zaragoza"]
[Date "2017.09.17"]
[Round "3"]
[White "Villuendas Valero, Adrian"]
[Black "Gines Abad, Pedro"]
[Result "1/2-1/2"]
[WhiteElo "2291"]
[BlackElo "2018"]
[PlyCount "90"]
[EventDate "2017.09.17"]
[EventType "swiss (rapid)"]
[EventRounds "9"]
[EventCountry "ESP"]
[SourceTitle "CBM 180 Extra"]
[Source "ChessBase"]
[SourceDate "2017.10.06"]
[SourceVersion "1"]
[SourceVersionDate "2017.10.06"]
[SourceQuality "1"]

1. d4 d6 2. e4 Nf6 3. Nc3 e5 4. Nf3 Nbd7 5. Bc4 Be7 6. 0-0 0-0 7. a4 c6 8. a5 Nxe4 9. Nxe4 d5 10. Bxd5 cxd5 11. Nc3 e4 12. Ne5 f6 13. Nxd7 Qxd7 14. f3 f5 15. Bf4 Bf6 16. Qd2 Rd8 17. Ra3 Qe7 18. fxe4 dxe4 19. d5 Qc5+ 20. Be3 Bxc3 21. Rxc3 Qxd5 22. Qxd5+ Rxd5 23. Rc7 Rd7 24. Rc3 Rf7 25. Rc5 Bd7 26. Re5 b6 27. axb6 axb6 28. Bxb6 Rb8 29. Bd4 Re8 30. Rxe8+ Bxe8 31. Ra1 f4 32. Ra8 Re7 33. Kf2 Kf7 34. Ra7 Rxa7 35. Bxa7 Ke6 36. c4 Ba4 37. g3 g5 38. h4 h6 39. hxg5 hxg5 40. gxf4 gxf4 41. Bb8 e3+ 42. Ke2 Kf5 43. Kd3 Bb3 44. Ba7 Kg4 45. Bxe3 Bxc4+ 1/2-1/2

[Event "Aragon-ch Seniors-A"]
[Site "Zaragoza"]
[Date "2017.05.27"]
[Round "6"]
[White "Gines Abad, Pedro"]
[Black "Hernandez Calvera, Hernan Angel"]
[Result "1-0"]
[WhiteElo "1972"]
[BlackElo "1524"]
[PlyCount "47"]
[EventDate "2017.04.22"]
[EventType "swiss"]
[EventRounds "8"]
[EventCountry "ESP"]
[SourceTitle "EXT 2019"]
[Source "ChessBase"]
[SourceDate "2018.10.10"]
[SourceVersion "1"]
[SourceVersionDate "2018.10.10"]
[SourceQuality "1"]

1. d4 e6 2. Nf3 f5 3. d5 exd5 4. Qxd5 d6 5. Nc3 Nf6 6. Qd3 d5 7. Bg5 c6 8. 0-0-0 Be7 9. Bxf6 Bxf6 10. Kb1 0-0 11. h3 a5 12. g4 g6 13. g5 Bg7 14. h4 a4 15. h5 Nd7 16. hxg6 hxg6 17. Nxd5 cxd5 18. Qxd5+ Rf7 19. Ne5 Bxe5 20. Qxe5 Rg7 21. Qe6+ Rf7 22. Qxg6+ Rg7 23. Qe6+ Rf7 24. g6 1-0

[Event "ESP-ch rapid"]
[Site "Linares"]
[Date "2016.08.14"]
[Round "1"]
[White "Valmana Canto, Jaime"]
[Black "Gines Abad, Pedro"]
[Result "1-0"]
[WhiteElo "2389"]
[BlackElo "1970"]
[PlyCount "95"]
[EventDate "2016.08.14"]
[EventType "swiss (rapid)"]
[EventRounds "9"]
[EventCountry "ESP"]
[SourceTitle "CBM 173 Extra"]
[Source "ChessBase"]
[SourceDate "2016.08.29"]
[SourceVersion "1"]
[SourceVersionDate "2016.08.29"]
[SourceQuality "1"]

1. Nf3 Nf6 2. g3 g6 3. Bg2 Bg7 4. 0-0 0-0 5. d4 d5 6. c4 c6 7. cxd5 cxd5 8. Ne5 Ne4 9. Nd2 Nxd2 10. Bxd2 Nd7 11. Bf4 Nxe5 12. Bxe5 Bf5 13. Qb3 e6 14. Bxg7 Kxg7 15. Qxb7 Qb8 16. Qxb8 Rfxb8 17. b3 a5 18. f3 a4 19. e4 dxe4 20. fxe4 Bg4 21. h3 Be2 22. Rf2 Ba6 23. d5 exd5 24. exd5 axb3 25. axb3 Rxb3 26. Rfa2 Rb6 27. Bf1 Rd6 28. Rxa6 Raxa6 29. Rxa6 Rxd5 30. Bc4 Rf5 31. Ra7 Rf6 32. Kg2 Rf5 33. Rc7 Rf6 34. g4 h6 35. Kg3 Kg8 36. Bd5 Kg7 37. Bf3 Rb6 38. Kf2 Rf6 39. Ke3 Re6+ 40. Kd4 Rf6 41. Bd5 g5 42. Ke5 Rf2 43. Kd6 Rf6+ 44. Ke7 Rf2 45. Ke8 Re2+ 46. Re7 Rxe7+ 47. Kxe7 h5 48. Bxf7 1-0

[Event "Mislata op-B 23rd"]
[Site "Mislata"]
[Date "2015.08.16"]
[Round "9.1"]
[White "Lain Moreno, Juan Carlos"]
[Black "Gines Abad, Pedro"]
[Result "1/2-1/2"]
[WhiteElo "1966"]
[BlackElo "2002"]
[PlyCount "50"]
[EventDate "2015.08.10"]
[EventType "swiss"]
[EventRounds "9"]
[EventCountry "ESP"]
[SourceTitle "EXT 2024"]
[Source "ChessBase"]
[SourceDate "2023.10.10"]
[SourceVersion "1"]
[SourceVersionDate "2023.10.10"]
[SourceQuality "1"]

1. e4 d5 2. exd5 Qxd5 3. d4 Nc6 4. Nf3 e5 5. Be3 Bg4 6. Be2 e4 7. c4 Qh5 8. Ng1 Bxe2 9. Nxe2 Bb4+ 10. Nbc3 Bxc3+ 11. bxc3 Nge7 12. Qb3 b6 13. Ng3 Qg4 14. h3 Qg6 15. Bf4 0-0 16. Qa3 Rfe8 17. 0-0 Rac8 18. Qa4 Na5 19. Bxc7 Qc6 20. Qxc6 Nexc6 21. Bf4 Nxc4 22. Rfe1 Ne7 23. Nxe4 Nd5 24. Bh2 f5 25. Ng3 g6 1/2-1/2

[Event "Aragon-chT Preferente A"]
[Site "Aragon"]
[Date "2015.03.07"]
[Round "7.47"]
[White "Gines Abad, Pedro"]
[Black "Escartin Lacasa, Jose"]
[Result "0-1"]
[WhiteElo "2036"]
[BlackElo "1626"]
[PlyCount "136"]
[EventDate "2015.01.24"]
[EventType "team-tourn"]
[EventRounds "11"]
[EventCountry "ESP"]
[SourceTitle "EXT 2017"]
[Source "ChessBase"]
[SourceDate "2016.10.25"]
[SourceVersion "1"]
[SourceVersionDate "2016.10.25"]
[SourceQuality "1"]
[WhiteTeam "IberCaja II"]
[BlackTeam "Jaque"]
[WhiteTeamCountry "ESP"]
[BlackTeamCountry "ESP"]

1. e4 d6 2. d4 Nf6 3. Nc3 Nbd7 4. Nf3 e5 5. Bg5 Be7 6. dxe5 dxe5 7. Bc4 0-0 8. Qe2 c6 9. a3 b5 10. Ba2 Bb7 11. 0-0 Qc7 12. Rfd1 Rad8 13. h3 h6 14. Be3 Bc5 15. Rd2 Bxe3 16. Qxe3 Nb6 17. Rad1 Rxd2 18. Qxd2 Re8 19. Qe3 Re7 20. Qc5 Nc8 21. Nh4 Rd7 22. f3 Rxd1+ 23. Nxd1 Qd8 24. Nf2 Nd7 25. Qc3 Qxh4 26. a4 Qe7 27. axb5 cxb5 28. Qc7 Nc5 29. Qxe7 Nxe7 30. Ng4 Ng6 31. Kf2 Na4 32. b4 Kf8 33. g3 Ke7 34. Ne3 Nb6 35. Nf5+ Kf6 36. Nd6 Bc6 37. Bxf7 Ke7 38. Bxg6 Kxd6 39. Bf7 Nc4 40. Ke2 Bd7 41. g4 Be6 42. Be8 a6 43. h4 Na3 44. Kd2 Nb1+ 45. Kc1 Nc3 46. Kd2 Na4 47. g5 hxg5 48. hxg5 Nb6 49. Ke3 Bh3 50. f4 Nc4+ 51. Kf3 exf4 52. Kxf4 Na3 53. e5+ Ke6 54. Bc6 Nxc2 55. Bb7 Bf1 56. Bc8+ Ke7 57. Bxa6 Nxb4 58. Bc8 Nd5+ 59. Ke4 Bg2+ 60. Kd4 b4 61. Kc5 b3 62. Bf5 b2 63. Kd4 Bh3 64. Bh7 Be6 65. Bb1 Nb4 66. Kc3 Ba2 67. Bxa2 Nxa2+ 68. Kxb2 Ke6 0-1

[Event "Almansa op-A"]
[Site "Almansa"]
[Date "2014.08.10"]
[Round "9"]
[White "Gines Abad, Pedro"]
[Black "Fernandez Barrera, Victor"]
[Result "0-1"]
[WhiteElo "2018"]
[BlackElo "2284"]
[PlyCount "122"]
[EventDate "2014.08.05"]
[EventType "swiss"]
[EventRounds "9"]
[EventCountry "ESP"]
[SourceTitle "EXT 2019"]
[Source "ChessBase"]
[SourceDate "2018.10.10"]
[SourceVersion "1"]
[SourceVersionDate "2018.10.10"]
[SourceQuality "1"]

1. d4 Nf6 2. Nf3 g6 3. g3 Bg7 4. Bg2 0-0 5. c4 c6 6. 0-0 d5 7. cxd5 cxd5 8. Nc3 Ne4 9. Nxe4 dxe4 10. Ne5 Qd5 11. f3 Bxe5 12. dxe5 Qxe5 13. fxe4 Be6 14. Bh6 Re8 15. Qd2 Nc6 16. Bf4 Qc5+ 17. Be3 Qb5 18. b3 Red8 19. Qb2 f6 20. Rac1 Bg4 21. Bf3 Bxf3 22. exf3 Ne5 23. Rc5 Qd3 24. Rc3 Qa6 25. Qc2 Kf7 26. Kg2 Rd7 27. Rf2 Rad8 28. Rc8 Nd3 29. Rf1 b6 30. Qc4+ Qxc4 31. Rxc4 Ne5 32. Rc3 h5 33. h3 g5 34. f4 gxf4 35. gxf4 Ng6 36. Kf2 e6 37. Rfc1 Ne7 38. Rc7 f5 39. Kf3 Kf6 40. Rxd7 Rxd7 41. Rg1 fxe4+ 42. Kxe4 Nf5 43. Bc1 Rd4+ 44. Kf3 Rd3+ 45. Ke4 Rxh3 46. Rg2 Rh1 47. Bb2+ Kf7 48. Rd2 Re1+ 49. Kf3 h4 50. Rd7+ Kg6 51. Kg4 Rg1+ 52. Kh3 Rg3+ 53. Kh2 Re3 54. Be5 Re2+ 55. Kh3 Rxa2 56. Rc7 Ra3 57. Rc3 Kh5 58. Bf6 a5 59. Rd3 a4 60. Bb2 Rxb3 61. Rxb3 axb3 0-1

[Event "St Casablanca la Constitucion 2nd"]
[Site "St Casablanca"]
[Date "2013.12.07"]
[Round "5.2"]
[White "Bayo Milagro, Alvaro"]
[Black "Gines Abad, Pedro"]
[Result "1-0"]
[WhiteElo "1887"]
[BlackElo "2030"]
[PlyCount "101"]
[EventDate "2013.12.06"]
[EventType "swiss"]
[EventRounds "7"]
[EventCountry "ESP"]
[SourceTitle "EXT 2024"]
[Source "ChessBase"]
[SourceDate "2023.10.10"]
[SourceVersion "1"]
[SourceVersionDate "2023.10.10"]
[SourceQuality "1"]

1. e4 e5 2. Nf3 Nc6 3. Nc3 Nf6 4. d4 exd4 5. Nxd4 Bb4 6. Nxc6 bxc6 7. Bd3 d5 8. exd5 cxd5 9. 0-0 0-0 10. Bg5 c6 11. Na4 Re8 12. c3 Be7 13. Re1 h6 14. Bh4 Bd7 15. Bc2 Ne4 16. Bxe7 Rxe7 17. Qd4 Nd6 18. Nc5 Qe8 19. Kf1 Bf5 20. Ba4 Rc8 21. f3 Rcc7 22. Kf2 Bc8 23. Qf4 Qd8 24. b4 Nb5 25. Bxb5 cxb5 26. Rad1 a5 27. Re5 Be6 28. Qe3 axb4 29. cxb4 Qa8 30. a3 Ra7 31. Rd3 d4 32. Qxd4 Bc4 33. Rxe7 Rxe7 34. Re3 Ra7 35. a4 Qb8 36. Nd7 Qa8 37. a5 Kh7 38. Nb6 Qb8 39. Qe4+ g6 40. h4 Be6 41. h5 Bf5 42. hxg6+ Bxg6 43. Qe8 Qd6 44. Nc8 Qd2+ 45. Re2 Qd4+ 46. Qe3 Qh4+ 47. Kg1 Rc7 48. Ne7 Qxb4 49. Nd5 Qxa5 50. Nf6+ Kh8 51. Qxh6+ 1-0

[Event "St Casablanca la Constitucion 2nd"]
[Site "St Casablanca"]
[Date "2013.12.06"]
[Round "1.4"]
[White "Gines Esteo, Pedro Antonio"]
[Black "Gines Abad, Pedro"]
[Result "1-0"]
[WhiteElo "1725"]
[BlackElo "2030"]
[PlyCount "51"]
[EventDate "2013.12.06"]
[EventType "swiss"]
[EventRounds "7"]
[EventCountry "ESP"]
[SourceTitle "EXT 2024"]
[Source "ChessBase"]
[SourceDate "2023.10.10"]
[SourceVersion "1"]
[SourceVersionDate "2023.10.10"]
[SourceQuality "1"]

1. e4 c5 2. Ne2 Nc6 3. d3 Nf6 4. g3 e6 5. Bg2 Be7 6. h3 0-0 7. Be3 d5 8. Nd2 d4 9. Bg5 Qc7 10. f4 h6 11. Bxf6 Bxf6 12. e5 Be7 13. Ne4 Bd7 14. h4 Rac8 15. g4 b5 16. g5 h5 17. N2g3 g6 18. Nf6+ Bxf6 19. gxf6 Qa5+ 20. Kf2 c4 21. a3 Rfd8 22. Nxh5 gxh5 23. Qxh5 Qd2+ 24. Kg3 Qe3+ 25. Kg4 Qe2+ 26. Bf3 1-0

[Event "Aragon-chT Autonomico"]
[Site "Aragon"]
[Date "2007.01.27"]
[Round "1"]
[White "Gines Abad, Pedro"]
[Black "Gutierrez Mingueza, Ruben"]
[Result "1/2-1/2"]
[WhiteElo "2213"]
[BlackElo "2080"]
[PlyCount "120"]
[EventDate "2007.01.27"]
[EventType "team"]
[EventRounds "9"]
[EventCountry "ESP"]
[SourceTitle "EXT 2008"]
[Source "ChessBase"]
[SourceDate "2007.11.25"]
[SourceVersion "1"]
[SourceVersionDate "2007.11.25"]
[SourceQuality "1"]
[WhiteTeam "IberCaja"]
[BlackTeam "San Jose"]
[WhiteTeamCountry "ESP"]
[BlackTeamCountry "ESP"]

1. Nf3 Nf6 2. g3 c5 3. Bg2 Nc6 4. d4 e6 5. 0-0 d5 6. c4 Be7 7. Nc3 0-0 8. cxd5 exd5 9. dxc5 Bxc5 10. Bg5 d4 11. Bxf6 Qxf6 12. Ne4 Qe7 13. Nxc5 Qxc5 14. Ne1 Re8 15. Nd3 Qb6 16. Re1 Bf5 17. Qd2 Be4 18. Rac1 Bxg2 19. Kxg2 Rad8 20. Rc2 h6 21. Rec1 Re7 22. h4 Rde8 23. Nf4 Qd8 24. Rc5 Re5 25. Rxe5 Rxe5 26. Nd3 Re7 27. Rc5 Qe8 28. Nc1 Re5 29. Rxe5 Qxe5 30. Nb3 Qe4+ 31. f3 Qe5 32. a3 Qd5 33. Qd1 Qe5 34. Qc2 Qd5 35. Nc1 Qe6 36. Nd3 Qd5 37. Nf4 Qd6 38. Qe4 Qd7 39. Nd3 b6 40. b4 Qe6 41. Qxe6 fxe6 42. f4 Kf7 43. Kf3 Kf6 44. Ke4 h5 45. Ne1 Ne7 46. Nc2 Nf5 47. Kf3 e5 48. fxe5+ Kxe5 49. Ne1 Ne3 50. Nd3+ Kf5 51. a4 Nd5 52. a5 g6 53. axb6 axb6 54. b5 Nc3 55. Nb2 Nxb5 56. Nc4 Nc3 57. Nxb6 g5 58. hxg5 Kxg5 59. Nd7 Nxe2 60. Kxe2 h4 1/2-1/2

[Event "San Jose op"]
[Site "San Jose"]
[Date "1998.??.??"]
[Round "7"]
[White "Delgado Montanes, Jose Antonio"]
[Black "Gines Abad, Pedro"]
[Result "1/2-1/2"]
[WhiteElo "2125"]
[BlackElo "2200"]
[PlyCount "90"]
[EventDate "1998.??.??"]
[EventType "swiss"]
[EventRounds "9"]
[EventCountry "ESP"]
[SourceTitle "EXT 2000"]
[Source "ChessBase"]
[SourceDate "1999.11.16"]
[SourceVersion "1"]
[SourceVersionDate "1999.11.16"]
[SourceQuality "1"]

1. d4 Nf6 2. Nf3 e6 3. g3 b6 4. Bg2 Bb7 5. 0-0 c5 6. c3 Be7 7. Nbd2 0-0 8. Re1 d5 9. Ne5 cxd4 10. cxd4 Nc6 11. Nxc6 Bxc6 12. Nf3 Rc8 13. Bf4 Nh5 14. Be3 Nf6 15. Ne5 Nd7 16. Nxc6 Rxc6 17. Qa4 Qc7 18. Bf4 Qb7 19. e4 Rc4 20. Qb3 Rxd4 21. exd5 Nc5 22. dxe6 Nxb3 23. Bxb7 Nxa1 24. exf7+ Rxf7 25. Rxa1 Bf6 26. Ba6 Rfd7 27. Be2 Rb4 28. Rc1 g5 29. a3 Rxb2 30. Bg4 Rd3 31. Bf5 Rc3 32. Bxg5 Rxc1+ 33. Bxc1 Rb5 34. g4 Bb2 35. Bd3 Bxc1 36. Bxb5 Bxa3 37. Kg2 Kg7 38. f4 h6 39. Kf3 Bd6 40. Ba6 Bc7 41. Ke4 Kf6 42. h3 Bd6 43. h4 Be7 44. Kd5 Kg7 45. h5 Kf6 1/2-1/2

[Event "San Jose op"]
[Site "San Jose"]
[Date "1998.??.??"]
[Round "6"]
[White "Gines Abad, Pedro"]
[Black "Baldellou Vicente, Roberto"]
[Result "1-0"]
[WhiteElo "2200"]
[BlackElo "2120"]
[PlyCount "27"]
[EventDate "1998.??.??"]
[EventType "swiss"]
[EventRounds "9"]
[EventCountry "ESP"]
[SourceTitle "EXT 2000"]
[Source "ChessBase"]
[SourceDate "1999.11.16"]
[SourceVersion "1"]
[SourceVersionDate "1999.11.16"]
[SourceQuality "1"]

1. Nf3 d5 2. g3 e6 3. Bg2 c6 4. 0-0 Bd6 5. d4 f5 6. b3 Nf6 7. Ba3 0-0 8. Qc1 Ne4 9. Bxd6 Qxd6 10. Ne5 Nd7 11. f4 c5 12. c3 b5 13. Bxe4 Nxe5 14. dxe5 1-0

[Event "Ibercaja op"]
[Site "Zaragoza"]
[Date "1997.??.??"]
[Round "4"]
[White "Gines Abad, Pedro"]
[Black "Llanes Luno, Pedro Alfredo"]
[Result "0-1"]
[WhiteElo "2150"]
[BlackElo "2215"]
[PlyCount "64"]
[EventDate "1997.04.??"]
[EventType "swiss"]
[EventRounds "9"]
[EventCountry "ESP"]
[SourceTitle "EXT 2001"]
[Source "ChessBase"]
[SourceDate "2000.11.22"]
[SourceVersion "1"]
[SourceVersionDate "2000.11.22"]
[SourceQuality "1"]

1. Nf3 Nf6 2. g3 d6 3. d4 c6 4. Bg2 Bg4 5. 0-0 Qd7 6. c3 g6 7. Nbd2 h5 8. h4 Bh6 9. Nc4 Bg7 10. Re1 Ne4 11. Ng5 Nxg5 12. Bxg5 Na6 13. Qd3 0-0-0 14. Kh2 f6 15. Be3 g5 16. Na5 d5 17. b4 gxh4 18. gxh4 Qc7+ 19. Kh1 e5 20. dxe5 fxe5 21. Rac1 e4 22. Qd2 Qe7 23. Bg5 Bf6 24. f3 Rdg8 25. fxg4 Bxg5 26. hxg5 Qe5 27. e3 hxg4+ 28. Kg1 Qh2+ 29. Kf1 Rf8+ 30. Ke2 Qxg2+ 31. Kd1 Rf2 32. Qd4 Qf3+ 0-1